Variantes del estilo realista (Record no. 1312)

MARC details
000 -CABECERA
campo de control de longitud fija 00935nam a2200217 a 4500
001 - NÚMERO DE CONTROL
campo de control BRCA_1450
005 - FECHA Y HORA DE LA ÚLTIMA TRANSACCIÓN
campo de control 20190320203432.0
008 - DATOS DE LONGITUD FIJA--INFORMACIÓN GENERAL
campo de control de longitud fija 920918s1991 mx-a---##b---#000-0#spa-d
050 #4 - SIGNATURA TOPOGRÁFICA DE LA BIBLIOTECA DEL CONGRESO
Número de clasificación ND250.B3
Número de documento/Ítem .V37 1991
245 10 - MENCIÓN DE TÍTULO
Título Variantes del estilo realista
Resto del título en la colección pictórica del Banco Nacional de México : siglos XVIII-XX
Mención de responsabilidad, etc. investigación y textos Leticia Ivette Gámez Ludgar.
260 ## - PUBLICACIÓN, DISTRIBUCIÓN, ETC.
Lugar de publicación, distribución, etc. México
Nombre del editor, distribuidor, etc. Museo Biblioteca Pape
Fecha de publicación, distribución, etc. [1991]
300 ## - DESCRIPCIÓN FÍSICA
Extensión 78 p.
Otras características físicas il. a color
Dimensiones 21 cm.
500 ## - NOTA GENERAL
Nota general Catálogo de la exposición realizada en el Museo Biblioteca Pape (Monclova Coahuila, México), marzo - junio, 1991
500 ## - NOTA GENERAL
Nota general Incluye índice de laminas
504 ## - NOTA DE BIBLIOGRAFÍA, ETC.
Nota de bibliografía, etc. Bibliografía: p. 78
610 24 - PUNTO DE ACCESO ADICIONAL DE MATERIA--NOMBRE DE ENTIDAD CORPORATIVA
Nombre de entidad corporativa o nombre de jurisdicción como elemento de entrada Banco Nacional de México
Subdivisión de forma Catálogos
9 (RLIN) 4746
650 14 - PUNTO DE ACCESO ADICIONAL DE MATERIA--TÉRMINO DE MATERIA
Término de materia o nombre geográfico como elemento de entrada Pintura mexicana
Subdivisión de forma Catálogos
Subdivisión general Temas, motivos
9 (RLIN) 4747
650 14 - PUNTO DE ACCESO ADICIONAL DE MATERIA--TÉRMINO DE MATERIA
Término de materia o nombre geográfico como elemento de entrada Pinturas
Subdivisión de forma Catálogos
Subdivisión geográfica México
9 (RLIN) 4748
700 1# - PUNTO DE ACCESO ADICIONAL--NOMBRE DE PERSONA
Nombre de persona Gámez Ludgar, Leticia Ivette
9 (RLIN) 4749
942 ## - ELEMENTOS DE PUNTO DE ACCESO ADICIONAL (KOHA)
Fuente del sistema de clasificación o colocación Library of Congress Classification
Tipo de ítem Koha Libros
Holdings
Estado de retiro Estado de pérdida Estado dañado No para préstamo Localización permanente Ubicación/localización actual Fecha de adquisición Total de préstamos Signatura topográfica completa Código de barras Fecha visto por última vez Precio válido a partir de Tipo de ítem Koha
El ejemplar forma parte de la colección y puede ser consultado según las políticas vigentes.       Biblioteca del Museo Franz Mayer (Rogerio Casas-Alatriste) Biblioteca del Museo Franz Mayer (Rogerio Casas-Alatriste) 26/06/2008   ND250.B3 .V37 1991 01977 22/03/2019 22/03/2019 Libros